Plumbing engineering : (Record no. 131987)
[ view plain ]
| 000 -LEADER | |
|---|---|
| fixed length control field | 00902nam a22002657a 4500 |
| 003 - CONTROL NUMBER IDENTIFIER | |
| control field | dpl |
| 005 - DATE AND TIME OF LATEST TRANSACTION | |
| control field | 20180625144126.0 |
| 008 - FIXED-LENGTH DATA ELEMENTS--GENERAL INFORMATION | |
| fixed length control field | 180625b xxu||||| |||| 00| 0 eng d |
| 010 ## - LIBRARY OF CONGRESS CONTROL NUMBER | |
| LC control number | A-947525 |
| 020 ## - INTERNATIONAL STANDARD BOOK NUMBER | |
| Terms of availability | 450.00 |
| International Standard Book Number | 8186876030 |
| 035 ## - SYSTEM CONTROL NUMBER | |
| System control number | A-947525, A-947529 |
| 037 ## - SOURCE OF ACQUISITION | |
| Source of stock number/acquisition | Cen Lib/Ret |
| 040 ## - CATALOGING SOURCE | |
| Original cataloging agency | DPL |
| Language of cataloging | EN |
| Transcribing agency | 0 |
| 082 ## - DEWEY DECIMAL CLASSIFICATION NUMBER | |
| Classification number | 696.1 |
| Item number | PAT |
| 100 ## - MAIN ENTRY--PERSONAL NAME | |
| Personal name | Patil, Subhash M. |
| 9 (RLIN) | 33404 |
| 245 ## - TITLE STATEMENT | |
| Title | Plumbing engineering : |
| Statement of responsibility, etc | by Subhash M. Patil |
| Remainder of title | theory, design and practice for student, teachers, architects and practising engineers / |
| 250 ## - EDITION STATEMENT | |
| Edition statement | rev. enl. ed |
| 260 ## - PUBLICATION, DISTRIBUTION, ETC. (IMPRINT) | |
| Name of publisher, distributor, etc | Seema Publications |
| Place of publication, distribution, etc | Bombay |
| Date of publication, distribution, etc | 1999 |
| 270 ## - ADDRESS | |
| City | Bombay |
| Address | A2-9, Nirmla Society, Gokuldham, Goregaon |
| Postal code | 400063 |
| 300 ## - PHYSICAL DESCRIPTION | |
| Extent | xvi,435p. : |
| Dimensions | 24cm(Hb) |
| 500 ## - GENERAL NOTE | |
| General note | Includes bibliographical references and index<br/><br/> |
| 650 ## - SUBJECT ADDED ENTRY--TOPICAL TERM | |
| Topical term or geographic name as entry element | Plumbing |
| 9 (RLIN) | 33405 |
| 650 ## - SUBJECT ADDED ENTRY--TOPICAL TERM | |
| Topical term or geographic name as entry element | Engineering |
| 9 (RLIN) | 7671 |
| 942 ## - ADDED ENTRY ELEMENTS (KOHA) | |
| Source of classification or shelving scheme | Dewey Decimal Classification |
| Koha item type | English Books |
| Classification part | 696.1 |
| Call number suffix | PAT |
| Withdrawn status | Lost status | Damaged status | Not for loan | Home library | Current library | Date acquired | Source of acquisition | Cost, normal purchase price | Total Checkouts | Full call number | Barcode | Date last seen | Copy number | Cost, replacement price | Price effective from | Koha item type | Source of classification or shelving scheme | Collection code |
|---|---|---|---|---|---|---|---|---|---|---|---|---|---|---|---|---|---|---|
| Central Library | Central Library | 16/07/2015 | Cen Lib/Ret | 450.00 | 696.1 PAT | A-947525 | 16/07/2015 | 1 | 450.00 | 16/07/2015 | English Books | |||||||
| Shahdara Branch | Shahdara Branch | 25/06/2018 | BPPD/PUB | 450.00 | 696.1 PAT | A-947529 | 25/06/2018 | 450.00 | 25/06/2018 | English Books | Dewey Decimal Classification | Non-fiction |
